000 00562nam a22002177a 4500
003 OSt
005 20140310181933.0
008 130723t xxu||||| |||| 00| 0 eng d
020 _a0140620982
050 _aPR 6005.O4
_b.C754 1994
082 _aCLA C76v
_b1994
100 _aCondrad, Joseph
_92868
245 _aVictory an island tale /
_cJoseph Condrad
260 _aLondon, England :
_bPenguin Group,
_cc1994.
300 _aii, 328 p.
_c18 cm.
521 _a
541 _j1
562 _e1
650 _aFiction
_9746
942 _2lcc
_cBBK
_kCLA
999 _c7435
_d7435